000 00319nam a22001337a 4500
020 _a0-1430-6302-2
082 _a030
_bKIN/I
100 _aDORLING KINDERSLEY
245 _aILLUSTRATED FAMILY ENCYCLOPEDIA
260 _aLONDON
_bDK LIMITED
_c2007
300 _a1012
650 _aENCYCLOPEDIA
_zUNITED KINGDOM
942 _cBK
999 _c2194
_d2194